[Event "Vlissingen HZ op 03rd"]
[Site "Vlissingen"]
[Date "1999.08.15"]
[Round "7"]
[White "Vaganian, Rafael A"]
[Black "Mikhalevski, Victor"]
[Result "1-0"]
[WhiteElo "2617"]
[BlackElo "2516"]
[Annotator "Mikhalevski,V"]
[PlyCount "49"]
[EventDate "1999.08.09"]
[EventType "swiss"]
[EventRounds "7"]
[EventCountry "NED"]
[SourceTitle "EXT 2000"]
[Source "ChessBase"]
[SourceDate "1999.11.16"]
[SourceVersion "1"]
[SourceVersionDate "1999.11.16"]
[SourceQuality "1"]

1. Nf3 Nf6 2. c4 g6 3. Nc3 d5 4. cxd5 Nxd5 5. Qa4+ Bd7 6. Qh4 Nxc3 7. dxc3 Nc6
8. Bf4 $5 {[%csl Ge5] Rare,but interesting continuation.White prevents e7-e5
which is possible in case of 8.e4.In order to make e5 possible anyway Black
has to weaken his pawn structure on the king side by means of f6.} (8. e4 {
is the main line.}) 8... f6 {[%cal Ge7e5]} (8... Bg7 $143 {[%cal Ge7e5]} 9. Bh6
$1 (9. e4 {looks strange as White loses time after} e5 10. Qxd8+ Rxd8 11. Bg5
f6 12. Be3 Be6 13. Bb5 Kf7 $11 {1/2-1/2 Van den Berg,A-Van Dop,A/Leeuwarden
1972/MCD (44)}) (9. Qg3 $5 {[%csl Ge5][%cal Gf4c7] is interesting preventing
e5 and attacking the c7 pawn.} O-O $6 10. Bxc7 Qc8 11. e4 Bg4 12. Be2 Bxf3 13.
Bxf3 e5 14. Bd6 Rd8 15. Ba3 Na5 16. Be7 Re8 17. Bg5 Qc4 18. Qh4 Rac8 19. Be2
Qa4 20. O-O Qc2 21. Bb5 Qxb2 22. Bxe8 Rxe8 23. Qh3 Re6 24. Rfd1 Bf8 25. Rab1
Qxa2 26. Ra1 Qe2 27. Rd2 Qxe4 28. Rd8 Rb6 29. Qh6 Rb1+ 30. Rxb1 Qxb1+ 31. Bc1 {
1-0 Yegiazarian,A-Zezulkin,J/Czestochowa 1992/TD (31)}) 9... Kf8 (9... O-O 10.
O-O-O (10. e4 $5) (10. Rd1 $5) ({or} 10. Ng5 $6 f6 11. Bxg7 fxg5 12. Qh6 Rf7)
10... e5 $140 11. Ng5 {[%cal Gh6g7]} f6 12. Ne6 $1) 10. g4 $1 {Vaganian} (10.
Rd1 e5 11. Rxd7 $140 $2 Qxd7 12. Qf6 Rg8 $1 $19) 10... e5 11. g5 $1 {[%csl Rf6,
Rh6] fixing weak black squares.}) 9. Bh6 (9. e4 e5 10. Be3 Qe7 11. Nd2 Qf7 12.
f3 Be7 13. Bc4 Be6 14. Bxe6 Qxe6 15. Qf2 O-O 16. Qe2 a6 17. O-O {1/2-1/2
Marjanovic,S-Smejkal,J/Trnava 1989/CBM 12 (17)}) 9... e5 10. Bxf8 Kxf8 11.
O-O-O $1 (11. Qh6+ $143 {seems to be just a loss of time as king feels better
on f7 and White's queen is more useful on h4 in particular g4 can be supported
from there.} Kf7 12. O-O-O $5 (12. Rd1 Qe7 13. g3 Rad8 14. Bh3 e4 15. Ng1 f5
$15 {0-1 Heyken,E-Gutman,L/Bad Woerishofen 1989/TD (42)}) (12. e4 Be6 13. Be2
Qf8 $11 {1-0 Zemerov,V-Apro,A/Szeged 1993/EXT 97 (47)}) 12... Qe7 {[%cal Gd7e6]
} 13. g3 Rad8 14. Bg2 Qc5 $6 15. Rd5 Qc4 16. Rhd1 Be6 17. Rxd8 Nxd8 18. Nh4 Rg8
19. Qxh7+ Rg7 20. Qh8 Rg8 21. Qh7+ Rg7 22. Qh6 Nc6 23. Bxc6 Qxc6 $14 {1/2-1/2
Petrakov,A-Zezulkin,A/Minsk 1994/EXT 97 (59)}) 11... Kg7 12. g4 $1 {[%cal
Gg4g5] /\g5} h6 (12... g5 $5 13. Qg3 Qe7 14. h4 h6 15. Bg2 {/\Nd2-f1-e3}) 13.
Qg3 Qe7 (13... g5 $5) 14. Nh4 $1 {[%csl Rd7][%cal Gh4g6,Gh4g2,Gg2e3] After the
game I had suddenly realised all this had been already played before.By the
way Vaganian was White.See below.} g5 $146 (14... Rhd8 $5 15. Bg2 (15. Rg1 Be6
16. Bg2 Rxd1+ 17. Rxd1 Rd8) (15. e3 $5 Be8 16. Bd3 e4 17. Bc2) 15... Be8 16.
Rxd8 Rxd8 17. Be4 Qd6 18. Qe3 $13) (14... Rad8 15. Bg2 g5 16. Nf5+ Bxf5 17.
gxf5 Rxd1+ 18. Rxd1 Rd8 19. Bd5 $16 {[%csl Rc6,Rg6,Rg7] 1-0 Vaganian,R-Wegner,
H/BL9394 1994/GER-chT (41)}) 15. Ng2 $1 {[%csl Rf5][%cal Gg2e3,Yf1g2,Yg2e4,
Ge3f5,Ge3d5] /\Ne3;><f5,d5} ({Exchange sacrifice doesn't bring sufficient
compensation:} 15. Rxd7 $2 Qxd7 16. Nf5+ Kf8 {[%cal Ga8d8,Gc6e7]}) (15. Qd3 {
looks dangerous,but in fact is not sufficient for getting advantage.} Rad8 $1 {
Now both 16.Qg6 and 16.Ng6 can't be dangerous for Black thanks to the tactical
resources of the position.} 16. Qg6+ (16. Ng6 e4 $1 {The point of 15...Rad8}
17. Qxd7 $1 (17. Nxe7 exd3 18. Nf5+ Bxf5 19. gxf5 dxe2 20. Bxe2 Ne5 {and
Black's problems are behind.}) 17... Rxd7 18. Nxe7 Rxe7 {and Black is OK.} ({or
} 18... Rxd1+ $5 19. Kxd1 Nxe7 20. Bg2 f5 $1 21. gxf5 e3 $1 $132)) 16... Kf8
17. Nf5 Bxf5 (17... Qf7 18. Qxf7+ Kxf7 19. Bg2 h5 $11) 18. Rxd8+ Nxd8 19. Qxf5
Qe6 $11) (15. Ng6 {[%csl Rd7][%cal Rg6e7,Rg6h8,Gg3d3] is also not dangerous}
Kxg6 16. Qd3+ Kg7 17. Qxd7 Rad8 18. Qxe7+ Nxe7 $11) 15... Qe6 $1 {[%cal Gc6e7,
Gd7c6] This regrouping allows Black to take under control the f5-square and
big diagonal.At the same time the a2-pawn is attacked.} 16. Ne3 Ne7 17. Bg2 Bc6
(17... Rad8 $5) (17... Bb5 $5) 18. Rd2 $5 {Vaganian supposes that the d-file
is more important than the a2-pawn.I'm not sure White's idea is correct,but
it's for sure interesting.} (18. Bxc6 $5 Qxc6 19. h4 (19. Rd2 $4 Qxh1+)) 18...
Qxa2 $1 {I think the pawn must be taken.} (18... Rad8 $5 {is also sufficient
for keeping balance.} 19. Rhd1 Rxd2 ({Vaganian} 19... Rd6 $6 20. Bxc6 Rxd2 21.
Rxd2 Qxc6 22. Qg1 $1 {/\Qd1}) 20. Rxd2 Qxa2 21. Bxc6 bxc6 {[%cal Gh8b8,Ga2a1]}
22. Rd7 Qa1+ 23. Kc2 Rb8 $1 {[%csl Rb2,Rc2]} 24. b4 (24. Rxe7+ $2 Kf8 $19) (24.
Nd1 Kf8 {/\Ke8}) 24... Kf8 25. Qf3 Qa2+ 26. Kc1 Qa1+ $11) 19. Nc2 $1 {First of
all White has to take care of his king.} ({Hasty} 19. Bxc6 $2 bxc6 {[%cal
Ga8b8,Ga2a1] /\Rab8,Qa1} 20. Rd7 $2 {is refuted by simple} Qa1+ 21. Kc2 Qxh1 (
21... Qa4+ 22. Kb1 Qe4+ 23. Ka2 Qa4+ $11) 22. Rxe7+ Kf8 23. Rxc7 Qe4+ 24. Kc1
h5 $1 $19 (24... Rh7 $143 25. Rxh7 Qxh7 26. Qf3)) 19... Rhd8 20. Rhd1 Rxd2 (
20... Qg8 $6 21. Bxc6 bxc6 22. Rd7 $1 Qe8 23. Qd3 $1 {winning the d-file White
gets better play.} (23. Rxc7 $4 Rxd1+ 24. Kxd1 Qd8+) 23... Qxd7 24. Qxd7 Rxd7
25. Rxd7 Kf7 26. Ne3 Ke6 27. Rxc7 $16) 21. Rxd2 Ba4 $6 $138 {Right idea,but
wrong execution.Time-trouble starts to play its role.} (21... Be8 $142 {
[%cal Ga7a5,Ga5a4,Ga4a3] The a-file had to be given for the march of the
a-pawn.That's why Be8 is better.} 22. Be4 (22. Qe3 Qa5 {[%cal Ga5b6]}) 22...
Qe6 (22... a5 23. Qe3) 23. Qf3 a5 24. Ne3 (24. Bxb7 $5) 24... a4 25. Nf5+ Nxf5
26. Bxf5 Qa2 $1 {Queen has to be as close to the king as possible.} (26... Qb6
$143 27. Be4 a3 28. Qf5 a2 29. Qh7+ Kf8 30. Qh8+ Ke7 31. Qg7+ Bf7 32. Rd7+ $1
Kxd7 33. Qxf7+ $18) 27. Bb1 Qa1 {[%cal Ga4a3]} 28. Qf5 (28. Qxb7 a3 $1) 28...
a3 29. Qh7+ Kf8 30. Qxh6+ Ke7 31. Qg7+ Bf7 32. Rd7+ $11 {with perpetual check.}
) (21... Rb8 $5) 22. Be4 {[%cal Gg3e3,Ge3c5]} Qg8 $2 {[%mdl 16384] Serious
strategical blunder.I had to meet Qe3 with Qb6.} (22... Qe6 $142 $1 23. Qe3
$140 {[%cal Ge6b6]}) 23. Qe3 $1 {[%cal Ge3c5]} Rd8 $6 (23... Bxc2 $142 24. Kxc2
Rd8 25. Rxd8 Qxd8 26. Bxb7 $16) 24. Qc5 $1 Kf7 $4 {[%mdl 8192] Final accord.} (
24... Qe8 {would leave some practical chances.} 25. Rxd8 Qxd8 26. Bxb7 Bxc2 27.
Kxc2 Qd7 $16) 25. Qc4+ {[%cal Rc4f7,Rc4a4]} 1-0

[Event "Dos Hermanas 10th"]
[Site "Dos Hermanas"]
[Date "1999.04.10"]
[Round "4"]
[White "Topalov, Veselin"]
[Black "Svidler, Peter"]
[Result "1/2-1/2"]
[WhiteElo "2700"]
[BlackElo "2713"]
[Annotator "Mikhalevski,V"]
[PlyCount "75"]
[EventDate "1999.04.06"]
[EventType "tourn"]
[EventRounds "9"]
[EventCountry "ESP"]
[EventCategory "19"]
[SourceTitle "CBM 071"]
[Source "ChessBase"]
[SourceDate "1999.08.01"]
[SourceVersion "1"]
[SourceVersionDate "1999.08.01"]
[SourceQuality "1"]

1. Nf3 Nf6 2. c4 g6 3. Nc3 d5 4. Qa4+ Bd7 5. Qb3 dxc4 6. Qxc4 a6 $1 {I has
found this idea during my preparation to the match against Psakhis.It worked
very well and after several moves White had to be careful to equalize(The game
you can find below).} ({After natural} 6... Bg7 {black has to solve serious
problems.For example:} 7. e4 $1 O-O 8. e5 $1 Ng4 9. d4 {[%csl Rg4] and black
has to choose between} Nc6 {tried in the game Ivanchuk-Shirov,Rubinstein mem
1998} ({and} 9... Be6 10. d5 Bf5 11. Bf4 {[%cal Gh2h3]} Nd7 12. Qe2 {[%csl Rf5,
Rg4][%cal Gh2h3]} f6 {Otherwise black pieces feel very uncomfortable on the
kingside.} 13. e6 Nde5 14. Rd1 $1 $146 ({In the origin game black has got good
counterchances after} 14. Bxe5 fxe5 15. h3 Nf6 16. Rd1 e4 17. Ne5 c6 $1 18.
dxc6 Qc7 19. cxb7 Rad8 $1 $36 {0-1 Goldin,A-Mikhalevski,V/Rishon Le Zion 1997/
CBM 62 ext (30);71/12}) 14... c6 $2 (14... Nxf3+ $5) (14... Qd6 $5) 15. Nd4 Bd3
16. Rxd3 Nxd3+ 17. Qxd3 cxd5 18. Be2 Ne5 19. Qb5 g5 20. Be3 f5 21. Bxg5 f4 22.
O-O Ng6 23. Rd1 {1-0 Rustemov,A-Zezulkin,J/Swidnica POL 1999 (23)My analysis
of this game you can find in CBM 71.}) {but after} 10. Bf4 Na5 11. Qe2 $1 $14 {
White is better in view of unfortunate position of black knights.}) 7. g3 {
Strange enough that Topalov chooses this inoffensive move.} (7. d4 {Looks more
logical and puts much more problems.} b5 8. Qb3 Nc6 9. Bf4 Bg7 10. e3 O-O 11.
Be2 Be6 12. Qd1 Nb4 $6 (12... Nd5 $5) 13. e4 $1 Bc4 14. a3 Nc6 15. Bxc4 bxc4
16. O-O Rb8 17. d5 Nh5 18. Be3 Na5 19. Qa4 c6 20. dxc6 e6 21. e5 Qc7 22. g4 $18
{1-0 Lautier,J-Bacrot,E/Enghien-les-Bains FRA 1999 (30).See my comments in
CBM70.}) 7... Nc6 {Another surprise.} ({Why not} 7... b5 8. Qb3 c5 9. d3 Nc6
10. Bg2 Rc8 {solving all opening problems easily?} 11. Qd1 Bg7 12. O-O O-O 13.
Be3 Nb4 14. h3 Nfd5 15. Bd2 Nb6 16. Qc1 c4 17. dxc4 Rxc4 18. Bh6 N4d5 19. Bxg7
Kxg7 20. Ne5 Rc5 21. Bxd5 Nxd5 22. Nxd7 Qxd7 23. Rd1 Qc6 24. Rxd5 Rxd5 25. Nxd5
Qxd5 {1/2-1/2 Psakhis,L-Mikhalevski,V/Ramat Aviv 1998/CBM 68 (25)}) 8. Bg2 Bg7
9. O-O e5 10. d3 h6 {Similar position with White's queen on d1 can be reached
by 1.c4 Nf62.Nc3 d5 3.cd N:d5 4.g3g6 5.Bg2 Nb6 6.Nf3 Bg7 and so on.The
position of queen on c4 is in the Black's favour as he can win few tempos by
the means of Be6 and then Nd5 and Nb6.} 11. Rd1 Be6 12. Qa4 O-O 13. Be3 Nd5 14.
Bc5 Nb6 (14... Re8 $5 {leaving the idea of Nb6 for later use.} 15. d4 Nxc3 (
15... exd4 16. Nxd4 Nxd4 17. Bxd4 Nxc3 (17... Bxd4 18. Bxd5 $1) 18. Bxc3 {
with some pressure.}) 16. bxc3 e4 (16... exd4 17. Nxd4 Nxd4 18. Bxd4 $14 (18.
cxd4 Bd5)) 17. Ne5 (17. Ne1 f5 18. d5 $140 $2 Bxd5 19. c4 b5 $1) 17... Bd5 (
17... Nxe5 $5 18. dxe5 Qg5) 18. c4 (18. Qc2 $5 {[%cal Gd1d8,Gc3c4]}) 18... b5 {
and Black is OK.}) 15. Qa3 Re8 16. Rac1 Nd4 {[%cal Gd4b5] White's queen life
doesn't promise to be very quite in this game.} 17. Nd2 Nb5 18. Qb4 (18. Qa5
$143 Nd5 $1 {[%cal Gb7b6]} (18... Nd7 19. Nxb5 b6 20. Qa3 $1) 19. Nxb5 $140 $2
b6 $1 20. Qa3 (20. Bxd5 $142) 20... axb5) 18... c6 {[%cal Ga6a5]} 19. Qa5 Nd7
20. Qxd8 {A big relief for White.His main problem has finally gone.} Raxd8 $11
21. Bb4 Nf6 ({Of course not} 21... Nxc3 22. bxc3 Bxa2 $4 23. c4 {and Black has
to look for an escape by} a5) (21... c5 $2 22. Nxb5 cxb4 (22... axb5 23. Bxc5)
23. Nc7 (23. Nd6 $5)) (21... Nd4 $5 {in order to meet Ba5 with b6.} 22. e3 Nf5)
22. Ba5 Rb8 {[%csl Ra5][%cal Gb7b6] Creating a threat of b6 catching White's
bishop.} 23. Nc4 Nd5 {[%cal Gb5c3,Gd5c3][%mdl 2048] Look at this knight.That's
its second loop.} 24. Nxd5 {This knight should be killed.} cxd5 25. Nb6 {
[%csl Rd5]} e4 $5 {An interesting decision.Black chooses immediate
counterattack.} (25... Rbd8 26. Na4 $1 {[%cal Ga4c5]}) (25... Nd4 $5 26. Kf1
Nc6 27. Bc3 Rbd8 $11) 26. e3 {[%csl Gd4] restricting Black's knight.} ({After} 
26. dxe4 dxe4 {Black's bishops are too active.}) 26... Bxb2 27. Rc2 Bg7 28. a4
exd3 (28... Na3 $6 {is dangerous in view of} 29. Ra2 Bf8 30. Rda1 exd3 31. Rxa3
Bxa3 32. Rxa3) 29. Rcc1 (29. Rxd3 $2 Bf5) 29... Na7 {[%cal Ga7c6]} (29... Nd6 {
[%cal Gd6c4]} 30. Nxd5 {[%cal Ga5c7,Gd5c7]} b6 31. Bb4 $1 $14 {[%cal Gd5c7]} (
31. Bxb6 $2 Bxd5) (31. Nxb6 Bf5 $13)) 30. Rxd3 Nc6 31. Bc3 Ne5 {This knight
has worked not worse than its colleague and also is killed on its second loop.}
32. Bxe5 Bxe5 33. Bxd5 Rbd8 ({After} 33... Bxd5 34. Rxd5 {White is slightly
better.}) 34. e4 Re7 {[%cal Ge5c7]} 35. Kg2 Bc7 36. Rb1 Kg7 {[%cal Gc7b6]
Preparing series of exchanges.} (36... Bxd5 $2 37. Nxd5 Rxe4 $140 $2 38. Nf6+
Kg7 39. Rxd8 $18) 37. Nc4 Bd7 38. Rxb7 (38. a5 Bb5) (38. Rxb7 {Here are the
variations which show possible developing of the play:} Bxa4 (38... Bc6 $143
39. Ra7 Bxa4 (39... Rxe4 40. Bxc6 Rxc4 41. Rxd8 Bxd8 42. Rxa6 $14 (42. Bd5 $5
Rc7 43. Rxa6 $14)) 40. Rxa6 Bb5 (40... Bc2 41. Re3) 41. Ra7 Bxc4 (41... Rxd5 $2
42. Rxd5 Bxc4 43. Rc5 Bd6 44. Rxe7 Bxc5 45. Rc7) 42. Bxc4 Rxd3 (42... Rxe4 $2
43. Rxd8 (43. Rxc7 $2 Rxc4 $1 44. Rxf7+ Kxf7 45. Rxd8 $11) 43... Bxd8 44. Rxf7+
Kh8 45. Bd3 $18) 43. Bxd3 $14) 39. Nb6 (39. Rc3 Be8) 39... Bb5 (39... Bc6 $6
40. Bxc6 $1 Rxd3 41. Nc8 $1 Red7 (41... Re6 $2 42. Bd5 $1) 42. Bxd7 (42. e5 a5
$3 43. Bxd7 Rxd7 {see 42.B:d7}) 42... Rxd7 43. e5 $1 {[%cal Gc8b6,Gb6d5]} (43.
Nb6 Rd6) 43... a5 $1 44. Nd6 (44. Nb6 Re7 45. Nd5 Rxe5 46. Nxc7 Re7 47. Ra7 a4
$1 $11) (44. Na7 {[%cal Ga7b5]} Re7 45. Nc6 Rd7 $1 (45... Rxe5 $5 46. Nxe5 (46.
Rxc7 Rc5 $11) 46... Bxe5 $14) 46. Nxa5 Rd5 47. Rxc7 Rxa5 48. e6 Kf6 49. exf7
Kg7 $11 {[%cal Gh6h5]}) (44. Ra7 $5 {[%cal Gc8b6,Gb6d5]} a4 $1 45. Nb6 (45. Nd6
Re7 $1) 45... Re7 46. Nxa4 $14) 44... Rxd6 (44... Re7 $2 45. Rxc7 $18) 45. exd6
Bxd6 $14) 40. Rc3 Bd6 41. Rxe7 Bxe7 42. Rc7 Kf8 $11 {[%cal Gb5e8]}) 1/2-1/2

[Event "ISR-ch op"]
[Site "Ramat Aviv"]
[Date "1999.03.30"]
[Round "3"]
[White "Berkovich, Mark A"]
[Black "Mikhalevski, Victor"]
[Result "1-0"]
[WhiteElo "2428"]
[BlackElo "2531"]
[Annotator "Mikhalevski,V"]
[PlyCount "91"]
[EventDate "1999.03.28"]
[EventType "swiss"]
[EventRounds "9"]
[EventCountry "ISR"]
[SourceTitle "CBM 070"]
[Source "ChessBase"]
[SourceDate "1999.06.08"]
[SourceVersion "1"]
[SourceVersionDate "1999.06.08"]
[SourceQuality "1"]

1. c4 Nf6 2. Nc3 d5 3. cxd5 Nxd5 4. g3 g6 5. Bg2 Nb6 6. Nf3 Bg7 7. O-O Nc6 8.
d3 O-O 9. Be3 e5 (9... h6 {is a possible alternative.}) 10. Qd2 Rb8 $5 $146 {
An interesting novelty.Black defends the b7 pawn that can be important in one
of the variations preparing to meet 11.Bh6 with Bg4 exchanging the
light-squared bishop for a knight and then Nd4 with a tempo.I have already
tried a similar idea in my game against Nikolaevsky in the 1-th Platonov's
memorial in Kiev in 1995.That was one of my favourite games in this setup.So I
decided to give it another chance.} (10... Re8) (10... Nd4 11. Bh6 Re8 12. Bxg7
Kxg7 13. Rfc1 c6 14. b4 Nc4 15. Qe1 Nd6 16. Nd2 a5 17. bxa5 Qxa5 18. e3 Ne6 19.
Nb3 Qa3 20. Qd2 Rd8 21. Nb1 Qa4 22. Qb2 f6 23. N1d2 Qa3 24. Qc2 Bd7 25. Nb1 Qa4
26. Nc3 Qa3 27. Nb1 Qa4 28. Nc3 Qa3 {1/2-1/2 Wohl,A-Rogers,I/Sydney AUS 1999 
(28)}) 11. Bh6 Bg4 $5 12. Bxg7 Kxg7 13. Ng5 {[%cal Gh2h3] White makes an
attempt to punish Black for his "long" idea trying to make use of the bishop
on g4.} ({After} 13. h3 Bxf3 14. Bxf3 Nd4 {becomes clear why 10...Rb8 was
played.}) 13... Nd4 $1 {[%csl Rg5][%cal Gg4e2,Gd4e2]} (13... Nc4 {is senceless
in view of} 14. Qc1) 14. f4 $1 {Defending the knight White has been preparing
to drive away Black's active pieces.At this moment I have sank into a deep
thoughts and finally the right idea had been found.} (14. h3 $2 Nxe2+ $1 15.
Nxe2 Bxe2 16. Qxe2 Qxg5) 14... h6 $1 15. Nge4 f5 16. Nf2 Bh5 $1 {The most
difficult move I couldn't find for a long time.} 17. fxe5 Nc4 $1 {[%mdl 2048]
The point of 14...h6.Black has been bringing a knight into play and now all
his pieces occupy good points.The only problem can be Black's bishop on h5.}
18. Qc1 (18. dxc4 $2 Nf3+) 18... Nxe5 19. Kh1 $3 {White made this strong move
very quickly and suddenly I felt that not everything is so clear I had been
expecting it to be.Actually at this moment I have spend all my time trying to
find an answer for the question how do I meet 20.e3 and 21.d4 and didn't find
it.In the post-mortem I couldn't believe that I had been worse and we tried
all possible continuations. Suddenly my brother came with a fantastic idea
which frankly speaking I even didn't consider during the game...} Rf6 $2 {
[%mdl 16384] Sometimes a long thinking brings moves like this.} (19... c5 $1
20. e3 {During the game I had been checking only retreats of this knight,but...
} Bf3 $3 {[%mdl 640] Mikhalevski,A.The bishop which has been considered as the
main problem exchanges for the strong bishop on g2 and Black develops strong
initiative thanks to the weakened position of the White's king.} (20... Ndc6
21. Nd5 {[%csl Re6,Rh5][%cal Gd5f4,Gc1c5,Gc1c3]}) 21. exd4 Bxg2+ 22. Kxg2 cxd4
{[%csl Rg2][%cal Gd8d5] Now the idea has become clear.In the following scuffle
Black's chances are at least not worse.} 23. Re1 $1 {This is much stronger
than 23.Qf4 as the second one is not always obligatory.} (23. Qf4 $143 Qd6 $1 (
23... Re8 24. Rfe1 $1 (24. Rae1 Qd6 25. Ne2 Qd5+ 26. Kh3 Nf3 27. Qc7+ Kg8 28.
Nf4 Ng5+ 29. Kh4 Nf3+ $11) 24... Qd6 25. Ne2 Qd5+ 26. Kf1 Nf3 27. Qc7+ Kg8 28.
Nf4 Nxh2+ 29. Kg1 Nf3+ 30. Kh1) 24. Rfe1 (24. Ne2 $2 Qd5+ 25. Kh3 g5 $1 26.
Qxd4 g4+ 27. Kh4 Qe6 28. Nxg4 fxg4 {[%cal Ge6e7]} 29. Qc5 Rbc8 $19) 24... Rbe8
$1 (24... Rfe8 25. Ne2 {see 23...Re8}) 25. Ne2 (25. Rxe5 Qxe5 26. Qxe5+ Rxe5
27. Ncd1 Rc8 $15) 25... Qd5+ 26. Kf1 Nf3 27. Qc7+ $1 (27. Rec1 Nxh2+ 28. Kg1 (
28. Ke1 g5 $19) 28... Nf3+ 29. Kf1) 27... Rf7 28. Nf4 $1 Nxh2+ 29. Kg1 Nf3+ (
29... Qf3 30. Qd6 Qxg3+ 31. Kh1 Qf3+ 32. Kxh2 $1 (32. Kg1) 32... Qxf2+ 33. Ng2
Rxe1 34. Rxe1 $16 {[%cal Ge1e6,Ge6e7]}) 30. Kh1 $1 Qxa2 $1 (30... Rxc7 31. Nxd5
Rc2 $3 32. Rf1 (32. Rxe8 $2 Rxf2 {[%cal Gf2h2]}) 32... Re5 (32... Ree2 33. Kg2
{[%cal Gd5f4,Gf4e6]} Nh2 $1 $11) 33. Kg2 $1 Nd2 34. Rfc1 $1 Rxc1 35. Rxc1 Rxd5
36. Rd1 Ra5 37. Rxd2 Rxa2 $13 {[%csl Rd4][%cal Gf2h3,Gh3g1,Gg1f3,Gg1e2]}) 31.
Rf1 (31. Rxa2 Rxe1+ 32. Kg2 Rxc7 33. Kxf3 g5 $19) (31. Qd6 Rxe1+ 32. Rxe1 Nxe1
33. Qxg6+ Kh8 34. Ne6 $140 Qd5+) 31... Rxc7 (31... Qxb2 32. Qd6 {[%cal Gd6d5]})
32. Rxa2 g5 33. N4h3 $15 (33. Nd5 Rc5 34. Nb4 $140 a5 $19 {[%csl Rb4]})) ({
Certainly} 23. Ne2 $2 Qd5+ 24. Kh3 g5 {can't satisfy White.} (24... Nf3 $5 {
[%cal Gf3g5]})) 23... Qd6 $1 (23... Re8 $2 24. Qf4 Qd6 25. Ne2 {see 23.Qf4
Rfe8?}) 24. Ne2 $1 Rbc8 $1 (24... Qd5+ $2 25. Kf1 Rbc8 (25... Nf3 26. Nf4 Nxh2+
27. Kg1 Nf3+ 28. Kh1 $18) 26. Nf4 $1 $18 {[%cal Gc1d1]}) 25. Qf4 $1 (25. Qd1
Qc6+ 26. Kf1 Nf3 27. Rc1 Nxh2+ (27... Qa6 28. Nf4 Nxe1 (28... Rxc1 29. Re7+ $18
) 29. Rxc8 Rxc8 30. Qxe1 $14) 28. Kg1 Nf3+ 29. Kh1 Qa6 30. Rf1 $13 (30. Nf4 $2
Nxe1 (30... Rxc1 $2 31. Re7+) 31. Rxc8 Rxc8 32. Qxe1 Qc6+ $17)) 25... Qd5+ 26.
Kf1 Nf3 27. Nxd4 $5 (27. Rec1 Nxh2+ 28. Ke1 (28. Kg1 Nf3+ 29. Kf1 {see 28.Ke1})
28... Nf3+ 29. Kf1 (29. Kd1 $2 g5 30. Rc7+ Rf7 (30... Kg8 31. Qc1 Qa5 $1 {
[%cal Ga5e1,Ga5c7]}) 31. Rxf7+ (31. Qxf3 Qxf3 32. Rxc8 Qxf2 $19) 31... Kxf7 {
[%csl Rf4]}) 29... g5 (29... Nh2+ $11) 30. Rc7+ Kh8 (30... Rf7 31. Qxf3 $1 Qxf3
32. Rxc8) 31. Qc1 Nh2+ $11) 27... Nxd4 (27... Nxe1 28. Rxe1 $16) 28. Re7+ Rf7
$8 (28... Kf6 $2 29. Rae1 $18) 29. Rxf7+ Kxf7 30. Qxh6 $13 {[%csl Gc8,Gd4,Gd5,
Rf1] Maybe all these variations can be strengthened,but the only thing that is
absolutely clear I had to play it.}) (19... Nxe2 $2 20. Nxe2 Bxe2 21. Re1 $18 (
21. Qe3 $5) 21... Nxd3 $140 22. Qc3+) (19... Bxe2 $2 20. Nxe2 Nxe2 21. Qe3) 20.
e3 Ne2 (20... Ndf3 21. d4 {[%csl Rh5][%cal Gf2d3,Gd3f4]}) 21. Qc2 (21. Qd2 Nc4
22. Qe1 $13) 21... Nxc3 22. Qxc3 Qe7 23. d4 Ng4 {Making a good work knight
passes away.} 24. Nxg4 Bxg4 25. Rae1 $1 $16 {[%csl Rg4]} (25. h3 $143 Be2 26.
Rf2 Ba6) 25... Re8 {Being in a severe time-trouble I decided to give up a pawn
to liven somehow my bishop.} 26. h3 Bh5 27. Bxb7 g5 {freeing the bishop.} 28.
Bc6 Rb8 29. Bg2 (29. e4 $5) 29... c6 $2 30. d5 $1 $18 cxd5 31. Rxf5 Bf7 $8 32.
Ref1 Rbb6 33. h4 gxh4 34. gxh4 d4 {What else?} 35. Qxd4 Bxa2 36. Rxf6 Rxf6 37.
Rxf6 Qxf6 38. Qxa7+ Kg6 $1 (38... Bf7 {[%csl Rb2,Rh4] can't be recommended in
view of} 39. Qd4) 39. Qd4 $1 {Now the advancing of the b-pawn decides} ({
Of course not} 39. Qxa2 $2 Qxh4+ 40. Kg1 Qe1+ 41. Kh2 Qh4+ 42. Bh3 Qf2+ 43. Kh1
Qe1+ 44. Kg2 Qe2+ $11) 39... Qf2 40. b4 Be6 41. b5 Kh5 42. b6 $1 Bg4 {Black
loses developing maximum activity.} 43. Qe5+ $1 {Last precise move.} Bf5 (43...
Kxh4 44. Qh2+ Kg5 45. Qf4+ Qxf4 46. exf4+ Kxf4 47. b7 $18) 44. Qf4 Qe1+ 45. Kh2
{[%cal Gb6b7,Gb7b8]} Be4 (45... Bg4 46. Qe5+ Kxh4 47. b7) 46. Qe5+ {Very good
game of Mark Berkovich.} (46. Bxe4 $4 {would save the day} Qg1+ $1 47. Kh3 Qg3+
) 1-0